000
00252nam a2200097Ia 4500
001
737093
005
20250826163925.0
008
250824s9999 xx 000 0 und d
245
0
_a
AĞAÇTAN GELEN ÇOCUK
_c
ALİ SAÇIKARA
260
_b
ATLI KARINCA YAYINLARI
999
_c
737093
_d
737093